How to Do Well in Gd's and Interviews (Record no. 2353)

MARC details
000 -LEADER
Fixed length control field 00458nam a2200169 4500
003 - CONTROL NUMBER IDENTIFIER
Control field SEACOMEC
005 - DATE AND TIME OF LATEST TRANSACTION
Control field 20250806151132.0
008 - FIXED-LENGTH DATA ELEMENTS--GENERAL INFORMATION
Fixed length control field 250806b |||||||| |||| 00| 0 eng d
020 ## - INTERNATIONAL STANDARD BOOK NUMBER / ISBN
International Standard Book Number 978-8131794753
Price 275
040 ## - CATALOGING SOURCE
Original cataloging agency SEACOMEC
082 ## - DEWEY DECIMAL CLASSIFICATION NUMBER
Classification number 658.31124
Book Number T837H
100 ## - MAIN ENTRY--PERSONAL NAME
Personal name Trishna Knowledge System
245 ## - TITLE STATEMENT
Title How to Do Well in Gd's and Interviews
Statement of responsibility Trishna Knowledge System
250 ## - EDITION STATEMENT
Edition statement 2nd ed.
260 ## - IMPRINT
Place of publication New Delhi
Name of publisher Pearson
Date of publication c2011
942 ## - ADDED ENTRY ELEMENTS (KOHA)
Koha item type Books
Holdings
Withdrawn status Lost status Source of classification Damaged status Not for loan Home library Current library Date acquired Total Checkouts Call number Accession number Date last seen Price effective from Koha item type
    Dewey Decimal Classification     SEACOM ENGINEERING COLLEGE SEACOM ENGINEERING COLLEGE 06/08/2025   658.31124 T837H 18551 06/08/2025 06/08/2025 Books
© Seacom Engineering College, All rights reserved.      Powered by Koha